000 00659nam a22002297a 4500
003 UA-OsUOA
001 48491
007 ta
008 20070906b un ||||| |||| 00| 0 ukr d
100 _aЗубков С. Д.
090 _a929:82.09(477)
_bЗ-91
942 _cBK
040 _aUA-OsUOA
_bukr
_cUA-OsUOA
_dUA-OsUOA
245 _aЄвген Павлович Гребінка: життя і творчість
_bмонографія
300 _a209 с.
955 _a1
041 _aukr
080 _a929:82.09(477)
260 _aК.
_bХудліт
_c1962
650 7 _a9 Географія. Біографії. Історія
_2UDC
999 _c334610
_d334610